Los Avales del tesoro público desde una perspectiva jurídica / María del Carmen Bollo Arocena
ISBN:
84-7196-715-4
Descripción Física:
131 p. ; 24 cm
Colección:
Estudios jurídicos ; 19
MARC
| LEADER | 00000nam a2200000Ia 4500 | ||
|---|---|---|---|
| 001 | 18375 | ||
| 008 | 160829s1988 xx 000 0 cat d | ||
| 020 | |a 84-7196-715-4 | ||
| 080 | |a D-3-132 | ||
| 100 | |a Bollo Arocena, María del Carmen |9 23110 | ||
| 245 | |a Los Avales del tesoro público desde una perspectiva jurídica / María del Carmen Bollo Arocena | ||
| 260 | |a Madrid : |b Ministerio de Economía y Hacienda. Instituto de Estudios Fiscales, |c 1988 | ||
| 300 | |a 131 p. ; |c 24 cm | ||
| 490 | |a Estudios jurídicos ; 19 | ||
| 590 | |a Bibliografia | ||
| 650 | |a Bons |x Espanya |9 23111 | ||
| 650 | |a Crèdit |x Espanya |9 23112 | ||
| 901 | |a Arxiu | ||
| 942 | |n 1 | ||
| 952 | |0 1 |1 0 |2 udc |4 0 |5 2 |6 D3132 |7 1 |9 42538 |a Arxiu |b Arxiu |d 2016-12-01 |l 0 |o D-3-132 |p 18375 |r 2016-12-01 00:00:00 |w 2016-12-01 |y ARXIU | ||
| 999 | |c 45043 |d 45043 | ||